000 00588nam a2200193Ia 4500
008 090123s9999 xx 000 0 und d
082 _b37306
100 _aओशो
245 _aहसत खेळत ध्यान धारणा
250 _a2
260 _bमेहता प्रकाशन
_c2002
300 _a112
600 _aओशो
630 _aहसत खेळत ध्यान धारणा
700 _aओशो
700 _aटाकळकर मीना
730 _aहसत खेळत ध्यान धारणा
942 _cBOOK
999 _c75374
_d75374